000 00350nam a22001217a 4500
003 OSt
008 250127b |||||||| |||| 00| 0 eng d
041 _aeng
100 _aISI
_97009
245 _aMethods of Test for Hydraulic Power and Lighting Capacity of Agricultural Tractors IS:12224
260 _bIndian Standard Institutions,
_c1973.
942 _cBK
999 _c19151
_d19151